| 000 | 00710nam a2200217 a 4500 | ||
|---|---|---|---|
| 001 | 000041007 | ||
| 005 | 20201002034539.0 | ||
| 008 | 130913s2004 sp a 000 0 spa d | ||
| 020 | _a8400070550 | ||
| 040 |
_aDO-SdBNP _bspa _cBNPHU |
||
| 082 |
_axxx _bxxxx |
||
| 100 | 1 |
_aBlanco Freijeiro, Antonio _967462 |
|
| 245 | 1 | 0 |
_aArte Griego. / _cAntonio Blanco Freijeiro. |
| 260 |
_aMadrid, España : _bCSIC, _c2004. |
||
| 300 |
_a396 p : _bil. ; _c21 cm. |
||
| 490 | 1 |
_aTextos universitarios _v2 |
|
| 504 | _aBibliografía p: 391-396 | ||
| 500 | _aLa biblioteca posee la undécima (11) reimpresión | ||
| 710 | 2 |
_aConsejo superior de investigaciones científicas _94786 |
|
| 830 | 0 |
_aTextos universitarios _v2 _91147 |
|
| 999 |
_c40497 _d40497 |
||